Vplyv veľkosti zaoblenia rezných hrán na proces obrábania

Enregistré dans:
Détails bibliographiques
Auteur principal: Zajko, Dominik (Auteur)
Autres auteurs: Jurina, František (Directeur de thèse)
Format: Manuscrit Livre
Langue:slovaque
Publié: 2025
Sujets:
Accès en ligne:http://is.stuba.sk/zp/portal_zp.pl?podrobnosti=183984
Tags: Ajouter un tag
Pas de tags, Soyez le premier à ajouter un tag!

MARC

LEADER 00000ntm a22000003a 4500
001 stuzp104116
003 SK-STU
005 20250614212640.8
007 ta
008 150427s2015----xo-----f-mn---000-0-slo-d
040 |a STU  |b slo 
041 0 |a slo 
100 1 |a Zajko, Dominik  |u 063000  |4 aut  |U MTF Materiálovotechnologická fakulta  |T MTF Ústav výrobných technológií  |X 111842  |U M3000  |Y 83  |7 111842 
242 0 1 |a The influence of the size of the rounding of the cutting edges on the machining process  |y eng 
245 1 0 |a Vplyv veľkosti zaoblenia rezných hrán na proces obrábania 
260 |c 2025 
650 4 |a Durability  |2 eng 
650 4 |a Cutting edge radius  |2 eng 
650 4 |a Wear  |2 eng 
650 4 |a Microgeometry modification  |2 eng 
650 4 |a Rectification  |2 eng 
650 4 |a Cutting forces  |2 eng 
650 4 |a Roughness  |2 eng 
650 4 |a Rektifikácia  |2 slo 
650 4 |a Trvanlivosť  |2 slo 
650 4 |a Polomer zaoblenia reznej hrany  |2 slo 
650 4 |a Opotrebovanie  |2 slo 
650 4 |a Rezné sily  |2 slo 
650 4 |a Drsnosť  |2 slo 
650 4 |a Úprava mikrogeometrie  |2 slo 
700 1 |a Jurina, František  |u 063200  |k Z2  |4 ths  |U MTF Ústav výrobných technológií  |T MTF Katedra obrábania a počítačovej podpory technológií  |X 46002  |U M3200  |Y 164  |7 A000046002 
856 4 |u http://is.stuba.sk/zp/portal_zp.pl?podrobnosti=183984 
996 |c M* DP-15676  |l MMSKP  |s P  |a 0  |w stuzp104116_0001